000 00263nam a2200097Ia 4500
001 766659
005 20250826165345.0
008 250824s9999 xx 000 0 und d
245 0 _aGÜL BAHÇESİNDEKİ SARAYINDAKİ PRENS
_cBARBARA ZOSCHKE
260 _bMARTI YAYINLARI
999 _c766659
_d766659